Bankovnictví odborný měsíčník pro profesionální finance

Na minha lista:
Detalhes bibliográficos
Formato: Periódico
Idioma:tcheco
Publicado em: Praha 4H production 2018
Assuntos:
Tags: Adicionar Tag
Sem tags, seja o primeiro a adicionar uma tag!

MARC

LEADER 00000nas2a2200000 4500
001 0290473
005 20230220121206.6
022 |a 1212-4273 
041 0 |a cze 
044 |a CZ 
245 1 0 |a Bankovnictví  |b odborný měsíčník pro profesionální finance 
264 1 |a Praha  |b 4H production  |c 2018 
773 0 |w eu_un_cat*s122064 
610 2 0 |a bankovníctvo 
610 2 0 |a politika menová 
610 2 0 |a služby finančné